000 02819cam a22005414i 4500
003 PE-LiUPU
005 20250731183356.0
008 150514s2013 pe a rb 00 0 spa d
020 _a9786124057922
035 _a(Sirsi) i9786124057922
040 _aPE-LiUPU
_bspa
_cPE-LiUPU
_erda
041 1 _aspa
_heng
049 _aPRUA
082 0 4 _a720.98525
_bL93
_220
100 1 _aLudeña Urquizo, Wiley,
_eautor.
245 1 0 _aLima y espacios públicos :
_bperfiles y estadística integrada 2010 /
_cWiley Ludeña Urquizo.
250 _aPrimera edición.
264 1 _aLima :
_bPontificia Universidad Católica del Perú, Facultad de Arquitectura y Urbanismo, Oficina de Publicaciones,
_c2013.
300 _a244, 60 páginas :
_bilustraciones ;
_c30 centímetros
336 _atext
_2rdacontent
337 _aunmediated
_2rdamedia
338 _avolume
_2rdacarrier
490 0 _aEstudios urbanos
501 _aCon: Dossier. Lima, espacios públicos 2010-2014 : nuevos enfoques, nuevos espacios / Anna Zucchetti y José García Calderón.
504 _aBibliografía : páginas 223-233.
505 0 _aEspacio público. Definiciones de base -- Lima y espacio público. Variantes e invariantes -- Fundamentos de un nuevo "Territorio" del espacio público para Lima -- Espacio público y nuevo "Territorio". Tipologías y contenidos --
526 _aP158
526 _aP146
526 _aP17
526 _aP12
526 _aP06
541 _g003-000775;
541 _g003-001041
610 2 4 _aMunicipalidad Metropolitana de Lima
_xProyectos.
650 1 4 _aEspacios públicos
_zPerú
_zLima
_xInventarios.
650 2 4 _aPlanificación urbana
_zPerú
_zLima.
700 1 _aGarcía Calderón, José.
700 1 _aZucchetti, Anna.
740 1 _aLima, espacios públicos 2010-2014 : nuevos enfoques, nuevos espacios
910 _acce
_bjck
_ccce
_d20150514
942 _2ddc
_cBOOK
949 _a720.98521 L93
_wDEWEY
_c1
_i71060
_d2016-11-15
_e2016-11-13
_lCCODEBUL1
_mBUL
_n12
_p47.60
_r0
_sY
_tBOOK
_u2015-5-14
_xINGENIERIA
_PP06
_0COMPRA
_o.STAFF. Colección General
949 _a720.98521 L93
_wDEWEY
_c2
_i72255
_d2016-4-25
_e2016-4-24
_lCCODEBUL1
_mBUL
_n1
_p43.92
_r0
_sY
_tBOOK
_u2016-1-6
_xINGENIERIA
_PP06
_0COMPRA
_o.STAFF. Colección General
994 _aC0
_bPEPRU
596 _a1
999 _a720.98521 L93
_wDEWEY
_c16308
_i71060
_d16308
_e2019-5-31
_f2021-11-9
_g6
_lCCODEBUL1
_mBUL
_n16
_p47.60
_q1
_r0
_sY
_tBOOK
_u2015-5-14
_xINGENIERIA
_PP06
_0COMPRA
_o.STAFF. Colección General
999 _a720.98521 L93
_wDEWEY
_c2
_i72255
_d2019-4-30
_e2019-4-26
_f2021-11-9
_g7
_lCCODEBUL1
_mBUL
_n13
_p43.92
_q6
_r0
_sY
_tBOOK
_u2016-1-6
_xINGENIERIA
_PP06
_0COMPRA
_o.STAFF. Colección General
980 _81
_gALBERTO SANCHEZ Responsable de Automatización